Insucesso escolar : (Record no. 1577)

MARC details
000 -LÍDER
Campo Fixo de Controle 00927nam a2200253 a 4500
001 - NÚMERO DE CONTROLE
Campo de Controle 1577
003 - IDENTIFICAÇÃO DO NÚMERO DE CONTROLE
Campo de Controle BR-CuiBMT
005 - DATA E HORA DA ÚLTIMA ATUALIZAÇÃO
Campo de Controle 20231215230849.0
008 - DADOS FIXOS
Dados Fixos 231215s2013 msba 000 0 por d
020 ## - INTERNATIONAL STANDARD BOOK NUMBER
Nº do ISBN 9788566564013
040 ## - AGÊNCIA CATALOGADORA
Código da Agência Catalogadora BR-CuiBMT
Agência que transcreveu o registro BR-CuiBMT
080 ## - Nº DA CLASSIFICAÇÃO DECIMAL UNIVERSAL
Nº edição CDU 2007
Nº Class. CDU 351.94:336.148
Subd. Auxiliar Comum (817.1)
090 ## - NÚMERO DE CHAMADA
Nº classificação 351.94:336.148(817.1)
Cutter M433i
110 1# - ENTRADA PRINCIPAL -- ENTIDADE
Nome da entidade ou lugar Mato Grosso do Sul
Unidade subordinada Tribunal de Contas
245 ## - TÍTULO PRINCIPAL
Título principal Insucesso escolar :
Subtítulo abordagem financeira /
Indicação de responsabilidade [elaboradoras, Maria Cecília Amendola da Motta , Fernanda Olegario dos Santos Ferreira.
260 ## - PUBLICAÇÃO, DISTRIBUIÇÃO, ETC.
Local de publicação Campo Grande :
Editora TCE - Mato Grosso do Sul,
Data 2013.
300 ## - DESCRIÇÃO FÍSICA
N. páginas ou volumes 230 p.:
Ilustrações il.
Dimensões 27 cm
650 ## - ASSUNTO TÓPICO
Cabeçalho tópico ou nome geográfico Políticas públicas
650 ## - ASSUNTO TÓPICO
Cabeçalho tópico ou nome geográfico Avaliação de programas
650 ## - ASSUNTO TÓPICO
Cabeçalho tópico ou nome geográfico Educação
Subdivisão geral impacto financeiro
Subdivisão geográfica Mato Grosso do Sul
700 ## - ENTRADA SECUNDÁRIA -- NOME PESSOAL
Cód. do termo explicativo elab.
Nome pessoal Motta,Maria Cecília Amendola da
700 ## - ENTRADA SECUNDÁRIA -- NOME PESSOAL
Cód. do termo explicativo elab.
Nome pessoal Ferreira, Fernanda Olegario dos Santos
942 ## - ELEMENTOS DE ENTRADA ADICIONAIS (KOHA)
Fonte de classificação ou esquema de arquivamento Classificação Decimal Universal
Tipo de item do Koha Livros
Holdings
Estado: removido Estado: perdido Fonte de classificação ou esquema de arquivamento Estado: danificado Indisponível para empréstimo Localização permanente Localização atual Data de aquisição Total Checkouts Número de Chamada completo Código de barras Date last seen Número do exemplar Preço efetivo a partir de Tipo de item (Koha)
    Classificação Decimal Universal     Biblioteca da Escola Superior de Contas do TCE/MT Biblioteca da Escola Superior de Contas do TCE/MT 15/12/2023   351.94:336.148 (817.1) M433i BIBTCEMT23120623 15/12/2023 Ex. 1 15/12/2023 Livros

Powered by Koha